000
00294nam a22001217a 4500
008
180802b xxu||||| |||| 00| 0 eng d
082
_a
813.52
245
_a
Essentials of Psychiatric Mental Health Nursing
_c
Townsend,M
260
_c
2008
300
_a
1
_f
CD
760
_b
4th
942
_2
ddc
_c
MX
999
_c
46714
_d
46714